| 000 | 00907nam a2200265 a 4500 | ||
|---|---|---|---|
| 001 | BRCA_4329 | ||
| 005 | 20190320204629.0 | ||
| 008 | 210410s1825----gw-#######---#000-0#ger-# | ||
| 041 | _ager | ||
| 044 | _agw | ||
| 050 | 4 |
_aNE90 _b.H45 2 1825 |
|
| 100 | 1 |
_aHeller, Joseph _dm. 1849 _911095 |
|
| 245 | 1 | 0 |
_aPraktisches Handbuch für Kupferstichsammler oder Lexicon der Vorzüglichsten und Beliebtesten Kupferstecher, Formschneider und Lithographen ... _cvon Joseph Heller. |
| 260 |
_aBamberg, Alemania _bC. F. Kunz _c1825 |
||
| 300 |
_aiv, 203 p. (v.2) _c17 cm. |
||
| 500 | _aDiccionario inventariado por Banco de México como libro | ||
| 500 | _aVer también A45 (v.1) | ||
| 500 | _aCDE17 | ||
| 505 | 0 | _aContenido: v.2. K-Z | |
| 650 | 1 | 4 |
_aEnciclopedias y diccionarios _99441 |
| 650 | 1 | 4 |
_aGrabados _vCatálogos _910348 |
| 650 | 1 | 4 |
_aGrabadores _vDiccionarios _911096 |
| 902 | _aGFM | ||
| 942 |
_2lcc _cB |
||
| 999 |
_c4040 _d4040 |
||